| 000 | 00453nam a22001817a 4500 | ||
|---|---|---|---|
| 003 | OSt | ||
| 005 | 20230331121456.0 | ||
| 008 | 180921b ||||| |||| 00| 0 eng d | ||
| 020 | _a0373711050 | ||
| 040 |
_aMMU _beng _cMMU _dMMU |
||
| 050 | _aFIC PR 6110 .B73 2003 | ||
| 100 | _aBrashear Jean | ||
| 245 |
_aThe Healer/ _cJean Brashear. |
||
| 260 |
_aToronto : _bHarlequin, _c2003. |
||
| 300 | _a296 p. : | ||
| 650 | _athe healer | ||
| 942 |
_2lcc _cFICTION |
||
| 999 |
_c30887 _d30886 |
||